Logo BPK

Bibliografia Prac Pracowników

Politechniki Koszalińskiej

Geneza i rozwój konfliktu polsko-ukraińskiego w Galicji / (Rekord nr 10285)

Szczegóły MARC
000 -ETYKIETA REKORDU
podpole kontrolne o stałej długości 00700naa a2200157 i 4500
001 - NUMER KONTROLNY REKORDU
podpole kontrolne 10285
003 - IDENTYFIKATOR NUMERU KONTROLNEGO REKORDU
podpole kontrolne KOSZ 005
005 - DATA OSTATNIEJ MODYFIKACJI REKORDU
podpole kontrolne 20180419102008.0
008 - POLE O STAŁEJ DŁUGOŚCI - DANE KONTROLNE
podpole kontrolne o stałej długości 180419s1992 pl |100 0 pol d
040 ## - ŹRÓDŁO KATALOGOWANIA
Instytucja, która sporządziła opis KOSZ 005/HR
Instytucja, która utworzyła rekord KOSZ 005/HR
100 1# - NAZWA OSOBOWA
Nazwa osobowa PARTACZ, Czesław.
Instytucja Wyższa Szkoła Inżynierska w Koszalinie - Instytut Nauk Społeczych.
Lata pracy 1979 - 1996.
245 10 - TYTUŁ/ODPOWIEDZIALNOŚĆ
Tytuł Geneza i rozwój konfliktu polsko-ukraińskiego w Galicji /
Pozostałe elementy strefy tytułu i oznaczenia odpowiedzialności Czesław Partacz.
655 #0 - TERMIN INDEKSOWY - OKREŚLENIE RODZAJU/FORMY DOKUMENTU
Określnie rodzaju/formy dokumentu Materiały konferencyjne.
773 0# - TYTUŁ DOKUMENTU MACIERZYSTEGO
Wyrażenie wprowadzające W :
Tytuł Ukraińcy w Polsce : poszukiwania i odkrycia / red. wyd. Jacek Leoński et al. -
Adres wydawniczy Koszalin ; Poznań : Wojewódzka Biblioteka Publiczna w Koszalinie, 1992. -
Informacje dotyczące relacji s. 5-13.
942 ## - HASŁO DODATKOWE - ELEMENTY(KOHA)
Schemat klasyfikacji Uniwersalna klasyfikacja dziesiętna
Typ dokumentu Rozdział

Brak dostępnych egzemplarzy.

© 2014 Biblioteka Politechniki Koszalińskiej :: BIBLIOGRAFIA PRAC PRACOWNIKÓW